000 01460cam a2200385 a 4500
001 3526670
003 SISC
005 20160204081311.0
008 960909r19971996nyub 000 0beng
010 _a 96043566
020 _a0385486804
040 _aDLC
_cDLC
_dDLC
043 _an-us-ak
_an-usp--
_an-us---
050 1 0 _aCT 9971.M38
_b.K73 1996
082 0 0 _aHS 917.98045
_bK85 1996
100 1 _aKrakauer, Jon.
245 1 0 _aInto the wild /
_cJon Krakauer.
250 _a1st Anchor Books ed.
260 _aNew York :
_bAnchor Books,
_cc1996.
300 _a207 p :
_bmaps ;
_c21 cm.
600 1 0 _aMcCandless, Christopher Johnson,
_d1968-1992.
_914933
650 0 _aAdventure and adventurers
_zUnited States
_xBiography.
_914934
650 0 _aWayfaring life
_zAlaska.
_914935
650 0 _aWayfaring life
_zWest (U.S.)
_914936
650 0 _aHitchhiking
_zAlaska.
_914937
650 0 _aHitchhiking
_zWest (U.S.)
_914938
651 0 _aAlaska
_xBiography.
_914939
651 0 _aWest (U.S.)
_xBiography.
_914940
856 4 1 _3Sample text
_uhttp://www.loc.gov/catdir/samples/random042/96043566.html
856 4 2 _3Publisher description
_uhttp://www.loc.gov/catdir/description/random044/96043566.html
906 _a7
_bcbc
_corignew
_d1
_eocip
_f19
_gy-gencatlg
942 _2lcc
_cBK
999 _c412
_d412